Produkcia kyseliny jablčnej a asparágovej pomocou Endomyces magnusii : Obh. 28.5.1998 /

Enregistré dans:
Détails bibliographiques
Auteur principal: Šturdíková, Jana (Auteur)
Format: Manuscrit Livre
Langue:slovaque
Publié: Bratislava : STU v Bratislave ChtF, 1998
Tags: Ajouter un tag
Pas de tags, Soyez le premier à ajouter un tag!

MARC

LEADER 00000ntm a22000003a 4500
001 stu33859
005 20150617225733.3
008 980914s1998----xo------------------slo-d
040 |a STU  |b slo 
041 0 |a slo 
044 |a xo 
100 1 |a Šturdíková, Jana  |4 aut 
245 1 |a Produkcia kyseliny jablčnej a asparágovej pomocou Endomyces magnusii :  |b Obh. 28.5.1998 /  |c [aut.]Šturdíková,Jana 
260 |a Bratislava :  |b STU v Bratislave ChtF,  |c 1998 
300 |a 90 s :  |b Tab.,grafy,lit 
500 |a Zameranie: Biochémia a biotechnológia 
996 |b CD12613  |c C*D12613  |l CCI  |s A  |a 24  |w stu33859_0001